Legacies of Colonialism in Museum Collections : The (Un)Making of Indonesian Islam in the Netherlands /
This groundbreaking book tells the untold story of Indonesian Islam in museums. Often overshadowed by Hindu-Buddhist art, Indonesian Islamic heritage rarely receives the attention it deserves in museum collections and exhibitions. This book unravels the historical silences rooted in Dutch colonial r...
المؤلف الرئيسي:
التنسيق: كتاب الكتروني
اللغة: English
منشور في:
Leiden ; Boston :
Brill,
2025.
سلاسل:
Arts and Archaeology of the Islamic World ;
22.
Middle East and Islamic Studies E-Books Online, Collection 2025.
الموضوعات:
الوصول للمادة أونلاين: Login to view Source
الوسوم: إضافة وسم
رقم الطلب: N7480
| LEADER | 02648nam a22005058i 4500 | ||
|---|---|---|---|
| 001 | BRILL9789004688421 | ||
| 003 | nllekb | ||
| 005 | 20250308131532.0 | ||
| 006 | m d | ||
| 007 | cr un uuuua | ||
| 008 | 241004s2025 gw sb 001 0 eng d | ||
| 020 | |a 9789004688421 |q (electronic book) | ||
| 020 | |z 9789004688414 |q (print) | ||
| 024 | 7 | |a 10.1163/9789004688421 |2 DOI | |
| 035 | |z (OCoLC)1451789741 | ||
| 040 | |a NL-LeKB |c NL-LeKB |e rda | ||
| 041 | |a eng | ||
| 050 | 4 | |a N7480 | |
| 072 | 7 | |a HRHP |2 bicssc | |
| 072 | 7 | |a REL |x 037030 |2 bisacsh | |
| 082 | 0 | 4 | |a 709 |2 23 |
| 100 | 1 | |a Shatanawi, Mirjam, |e author. | |
| 245 | 1 | 0 | |a Legacies of Colonialism in Museum Collections : |b The (Un)Making of Indonesian Islam in the Netherlands / |c Mirjam Shatanawi. |
| 246 | 3 | |a The (Un)Making of Indonesian Islam in the Netherlands | |
| 264 | 1 | |a Leiden ; |a Boston : |b Brill, |c 2025. | |
| 264 | 4 | |c ©2025 | |
| 300 | |a 1 online resource (160 pages) : |b illustrations. | ||
| 336 | |a text |b txt |2 rdacontent | ||
| 337 | |a computer |b c |2 rdamedia | ||
| 338 | |a online resource |2 rdacarrier | ||
| 490 | 1 | |a Arts and Archaeology of the Islamic World ; |v 22 | |
| 490 | 1 | |a Middle East and Islamic Studies E-Books Online, Collection 2025 | |
| 504 | |a Includes bibliographical references and index. | ||
| 520 | |a This groundbreaking book tells the untold story of Indonesian Islam in museums. Often overshadowed by Hindu-Buddhist art, Indonesian Islamic heritage rarely receives the attention it deserves in museum collections and exhibitions. This book unravels the historical silences rooted in Dutch colonial rule that have marginalized Indonesian Islamic material culture. Delving into the colonial archives, it traces the journey of Indonesian objects in Dutch museums, exploring their original meanings and their re-appropriation during instances of collecting, classification, interpretation and public display. Through this lens, the book addresses the enduring impacts of colonialism and offers pathways for the decolonization of museums today. | ||
| 546 | |a English | ||
| 588 | |a Description based on print version record. | ||
| 650 | 0 | |a Art History. | |
| 650 | 0 | |a Asian Studies. | |
| 650 | 0 | |a Museum Studies. | |
| 776 | 0 | 8 | |i Print version: |t Legacies of Colonialism in Museum Collections : The (Un)Making of Indonesian Islam in the Netherlands. |d Leiden ; Boston : Brill, 2025. |z 9789004688414 |
| 830 | 0 | |a Arts and Archaeology of the Islamic World ; |v 22. | |
| 830 | 0 | |a Middle East and Islamic Studies E-Books Online, Collection 2025. | |
| 856 | 4 | |z DOI: |u http://dx.doi.org/10.1163/9789004688421 | |
| 942 | |2 lcc |c EBOOK | ||
| 999 | |c 59971 |d 59971 | ||
